Mirror Mirror Movies Quiz Stats

Quiz Updated Sep 16, 2014

Challenge
Share
Tweet
Score 0/24 Timer 06:00
3 Plays Today
% Correct
Home Alone
94.4%
Jurassic Park
91.2%
Snow White and the Seven Dwarfs
89.4%
Black Swan
89.4%
The Curious Case of Benjamin Button
84.5%
The Hangover
83.3%
Big
80.3%
Beauty and the Beast
76.8%
Shrek
75.1%
The Truman Show
73.1%
Friday the 13th: A New Beginning
69.5%
American Hustle
66.8%
% Correct
Inception
66.1%
The Matrix
63.8%
Shaun of the Dead
58.1%
Taxi Driver
56.8%
Pee-wee's Big Adventure
53.5%
The Shining
49.6%
Enter the Dragon
49.5%
Edward Scissorhands
42%
Boogie Nights
40.2%
Duck Soup
36.4%
Vertigo
29.3%
Stranger Than Fiction
28.3%

You're not logged in!

Compare scores with friends on all Sporcle quizzes.
Join for Free
OR
Log In

You Might Also Like...

Show Comments

Extras

Top Quizzes Today


Score Distribution

Your Account Isn't Verified!

In order to create a playlist on Sporcle, you need to verify the email address you used during registration. Go to your Sporcle Settings to finish the process.

Report this User

Report this user for behavior that violates our Community Guidelines.

Details: